Federal Subjects of Russia: Flags - Statistics

General Stats
  • This quiz has been taken 650 times
  • The average score is 45 of 85
Answer Stats
Picture Answer % Correct
North Ossetia–Alania
84%
Dagestan
81%
Crimea
80%
Jewish Autonomous Oblast
80%
Komi
80%
Tatarstan
80%
Karelia
78%
Buryatia
72%
Ingushetia
72%
Sakha
70%
Chechnya
68%
Mordovia
67%
Tuva
67%
Udmurtia
67%
Bashkortostan
66%
Moscow
66%
Kaliningrad Oblast
64%
Sakhalin Oblast
64%
Adygea
63%
Kabardino-Balkaria
62%
Altai Republic
61%
Nenets Autonomous Okrug
60%
Krasnodar Krai
59%
Karachay-Cherkessia
57%
Chuvashia
56%
Kalmykia
56%
Khakassia
56%
Mari El
56%
Yamalo-Nenets Autonomous Okrug
56%
Moscow Oblast
55%
Volgograd Oblast
55%
Perm Krai
54%
Saint Petersburg
54%
Chukotka Autonomous Okrug
53%
Kamchatka Krai
52%
Khanty-Mansi Autonomous Okrug – Yugra
52%
Kurgan Oblast
52%
Murmansk Oblast
52%
Rostov Oblast
52%
Chelyabinsk Oblast
51%
Leningrad Oblast
51%
Irkutsk Oblast
50%
Omsk Oblast
50%
Amur Oblast
49%
Arkhangelsk Oblast
48%
Stavropol Krai
48%
Belgorod Oblast
46%
Kaluga Oblast
46%
Magadan Oblast
46%
Penza Oblast
46%
Samara Oblast
46%
Sverdlovsk Oblast
46%
Astrakhan Oblast
45%
Primorsky Krai
45%
Zabaykalsky Krai
45%
Bryansk Oblast
44%
Ivanovo Oblast
44%
Kursk Oblast
44%
Novosibirsk Oblast
44%
Ryazan Oblast
44%
Kirov Oblast
43%
Sevastopol
43%
Tula Oblast
43%
Yaroslavl Oblast
43%
Pskov Oblast
42%
Krasnoyarsk Krai
41%
Lipetsk Oblast
41%
Novgorod Oblast
41%
Tomsk Oblast
41%
Voronezh Oblast
41%
Khabarovsk Krai
40%
Kostroma Oblast
40%
Nizhny Novgorod Oblast
40%
Saratov Oblast
40%
Smolensk Oblast
40%
Vladimir Oblast
40%
Tver Oblast
39%
Altai Krai
38%
Kemerovo Oblast
38%
Oryol Oblast
38%
Tyumen Oblast
38%
Ulyanovsk Oblast
38%
Tambov Oblast
37%
Vologda Oblast
36%
Orenburg Oblast
35%
No matching quizzes found
Score Distribution
Percent of People with Each Score
Percentile by Number Answered
Your Score History
You have not taken this quiz